000 00872nam a2200253Ia 4500
003 OSt
005 20220923221020.0
006 a|||||r|||| 00| 0
007 ta
008 220922b |||||||| |||| 00| 0 hin d
024 _a193,817
037 _cTextual
040 _aARTS
_cARTS
_bhin
041 _2hin
_ahin
082 _aO152,3xN7, M9
100 _aअंसल, कुसुम, संपा.
_9156315
245 0 _aश्रेष्ठ हिन्दी कहानियॉं
246 _aShreṣhṭha hindī kahāniyaॉan
260 _aनयी दिल्ली
_b अभिव्यंजना प्रका0
_c1989
300 _a171पृ.
_ccm.
650 _aहिन्दी साहित्य
_9156264
942 _hO152,3xN7, M9
_cTEXL
_2CC
999 _c346234
_d346234